| 000 | 00750nam a22002057a 4500 | ||
|---|---|---|---|
| 999 |
_c19266 _d19266 |
||
| 003 | AR-CdUCM | ||
| 008 | 190517b ||||| |||| 00| 0 spa d | ||
| 040 |
_aMUNICIPALIDAD PROVINCIAL DEL CUSCO _cBIBLIOTECA MUNICIPAL DEL CUSCO |
||
| 082 |
_a141 / _bB81 |
||
| 100 |
_aBrande, Dorothea. _940502 |
||
| 245 | _aDespierte a la vida / | ||
| 260 |
_aBuenos Aires : _bCentral, _c1957. |
||
| 300 |
_a187 páginas ; _c21 cm. |
||
| 505 | _aContenido : Porque fracasamos -- La voluntad de fracasar -- Las victimas de la voluntad de fracasar -- Enderecemos la dirección -- Ahorrando energías ... | ||
| 650 |
_aFracaso. _940503 |
||
| 650 |
_aImaginación. _91181 |
||
| 700 |
_aAldecoa, Susana de. _940504 |
||
| 942 |
_2ddc _cLIBROS |
||
| 945 |
_arum _d2019-05-17 |
||